• 首页
  • 本馆介绍
  • 公告通知
  • 最新文献
  • 馆藏检索
  • 电子资源
  • 读者导购
  • 参考咨询
  • 我的图书馆
  • 登录
  • 详细信息显示
  • 放入我的书架
  • 预约/预借图书
  • 作者相关作品
  • 分类相关作品
  • 丛书相关作品
  • 出版社相关作品

书目信息

  • 表格格式
  • 工作单格式
  • 卡片格式
题名:
我国出版企业组织结构变革的影响因素及其经营绩效研究
    
 
作者: 刘益 著
分册:  
出版信息: 北京   中国政法大学出版社  2014
页数: 191页
开本: 23cm
丛书名: 文化产业安全与管理丛书
单 册:
中图分类: G239.22
科图分类:
主题词: 出版社--企业结构--体制改革--研究--中国
电子资源:
ISBN: 978-7-5620-5758-1
000 01001nam0 2200253 450
001 0103625693
005 20160310153616.0
010    @a978-7-5620-5758-1@dCNY38.00
100    @a20150925d2014 em y0chiy0120 ea
101 0  @achi
102    @aCN@b110000
105    @ay z 000yy
106    @ar
200 1  @a我国出版企业组织结构变革的影响因素及其经营绩效研究@9Wo Guo Chu Ban Qi Ye Zu Zhi Jie Gou Bian Ge;Ji De;Di Ying Xiang Yin Su Ji Qi;Ji Jing Ying Ji Xiao Yan Jiu @f刘益著@b专著
210    @a北京@c中国政法大学出版社@d2014
215    @a191页@d23cm
225 1  @a文化产业安全与管理丛书
300    @a北京文化安全研究基地研究成果
330    @a本书主要通过对出版企业的案例研究来理清出版企业在推进组织结构变革时的实施步骤、关键要素以及主要着力点,进而从这些角度通过理论推演来寻找出版企业组织结构变革的内在机理。
606 0  @a出版社@x企业结构@x体制改革@x研究@y中国
690    @aG239.22@v5
701  0 @a刘益@c(印刷)@9liu yi@4著
801  0 @aCN@bAZmarc@c20230902
905    @aBZT@dG239@e3@f3@sG239/3
    
    我国出版企业组织结构变革的影响因素及其经营绩效研究/刘益著.-北京:中国政法大学出版社,2014
    191页;23cm.-(文化产业安全与管理丛书)
    北京文化安全研究基地研究成果
    
    ISBN 978-7-5620-5758-1:CNY38.00
    本书主要通过对出版企业的案例研究来理清出版企业在推进组织结构变革时的实施步骤、关键要素以及主要着力点,进而从这些角度通过理论推演来寻找出版企业组织结构变革的内在机理。
●
相关链接 在五车中查询图书 在当当中查询图书 在豆瓣中查询图书


正题名:我国出版企业组织结构变革的影响因素及其经营绩效研究     索取号:G239/3         预约/预借

序号 登录号 条形码 馆藏地/架位号 状态 备注
1 2000003312   2000003312   旧书回溯/ [索取号:G239/3] 在馆    
2 2000003313   2000003313   旧书回溯/ [索取号:G239/3] 在馆    
3 2000003314   2000003314   旧书回溯/ [索取号:G239/3] 在馆    
山东省滨州职业学院图书馆 欢迎您!
大连网信软件有限公司© 版权所有